Principles of forest pathology

Bibliographic Details
Main Author: Tainter, F.H
Other Authors: Baker, F.A, Tainer, F.H
Format: Book
Published: New York: Chichester : John Wiley , 1996
Subjects:

MARC

LEADER 00000cam a2200000 7i4500
001 0000003745
005 20110505.0
020 0 0 |a 0471129526 
090 0 0 |a R 634.963   |b TAIN 1996 
100 1 0 |a Tainter, F.H 
245 1 0 |a Principles of forest pathology   |c Tainer, F.H & Baker, F.A 
260 0 0 |a New York: Chichester :   |b John Wiley ,   |c 1996 
300 |a xvi, 805 p. :   |b ill., maps, port ;   |c 26 cm. 
500 0 0 |a Includes bibliographical and index 
650 0 0 |a Trees---Diseases and pets 
650 0 0 |a Trees---Diseases and pets---Identification 
650 0 0 |a Trees---Wounds and injuries 
650 0 0 |a Trees---Wounds and injuries---Identification 
700 1 1 |a Baker, F.A 
700 1 1 |a Tainer, F.H 
999 |a 006994   |b Monograph   |c Reference   |e Default branch